Haile Selassie: Lion of Judah, (Record no. 119141)
[ view plain ]
| 000 -LEADER | |
|---|---|
| fixed length control field | 00833cam a2200253 4500 |
| 001 - CONTROL NUMBER | |
| control field | 2173310 |
| 003 - CONTROL NUMBER IDENTIFIER | |
| control field | ARRUPE |
| 005 - DATE AND TIME OF LATEST TRANSACTION | |
| control field | 20131210124258.0 |
| 008 - FIXED-LENGTH DATA ELEMENTS--GENERAL INFORMATION | |
| fixed length control field | 731001s1967 enkab j 000 0beng |
| 010 ## - LIBRARY OF CONGRESS CONTROL NUMBER | |
| LC control number | 67094101 |
| 015 ## - NATIONAL BIBLIOGRAPHY NUMBER | |
| National bibliography number | B67-11300 |
| 040 ## - CATALOGING SOURCE | |
| Original cataloging agency | DLC |
| Transcribing agency | DLC |
| Modifying agency | DLC |
| 050 00 - LIBRARY OF CONGRESS CALL NUMBER | |
| Classification number | SPC DT387.7 |
| Item number | .S56 1967 |
| 082 00 - DEWEY DECIMAL CLASSIFICATION NUMBER | |
| Classification number | 92 |
| 300 ## - PHYSICAL DESCRIPTION | |
| Other physical details | col. illus., col. map. |
| Dimensions | 19 cm. |
| 100 1# - MAIN ENTRY--PERSONAL NAME | |
| Personal name | Skinner, Elizabeth. |
| 9 (RLIN) | 5351 |
| 245 10 - TITLE STATEMENT | |
| Title | Haile Selassie: Lion of Judah, |
| Statement of responsibility, etc | by Elizabeth and James Skinner; illustrated by Sheila Connelly. |
| 260 ## - PUBLICATION, DISTRIBUTION, ETC. (IMPRINT) | |
| Place of publication, distribution, etc | London, |
| Name of publisher, distributor, etc | Nelson, |
| Date of publication, distribution, etc | 1967. |
| 300 ## - PHYSICAL DESCRIPTION | |
| Extent | iv, 59 p. |
| 490 0# - SERIES STATEMENT | |
| Series statement | The Men of greatness series |
| 600 00 - SUBJECT ADDED ENTRY--PERSONAL NAME | |
| Personal name | Haile Selassie |
| Numeration | I, |
| Titles and other words associated with a name | Emperor of Ethiopia, |
| Dates associated with a name | 1892-1975. |
| 9 (RLIN) | 5352 |
| 700 1# - ADDED ENTRY--PERSONAL NAME | |
| Personal name | Skinner, James, |
| Relator term | joint author. |
| 9 (RLIN) | 5353 |
| 906 ## - LOCAL DATA ELEMENT F, LDF (RLIN) | |
| a | 7 |
| b | cbc |
| c | orignew |
| d | u |
| e | opcn |
| f | 19 |
| g | y-gencatlg |
| 942 ## - ADDED ENTRY ELEMENTS (KOHA) | |
| Source of classification or shelving scheme | Library of Congress Classification |
| Koha item type | Monograph ( Printed materials) |
| Withdrawn status | Lost status | Source of classification or shelving scheme | Damaged status | Not for loan | Home library | Current library | Shelving location | Date acquired | Total Checkouts | Full call number | Barcode | Date last seen | Price effective from | Koha item type |
|---|---|---|---|---|---|---|---|---|---|---|---|---|---|---|
| Library of Congress Classification | ARRUPE LIBRARY | ARRUPE LIBRARY | Main Collection | 10/12/2013 | SPC DT387.7 .S56 1967 | 464123155 | 10/12/2013 | 10/12/2013 | Monograph ( Printed materials) |